Österreichische Bundeskanzler nach Geburtsort - Statistiken

Allgemein
  • Dieses Quiz wurde 68 mal gespielt
  • Das Durchschnittsergebnis liegt bei 9 aus 27
Antworten auf der Karte
Die Antworten werden auf der Karte rot bzw. grün angezeigt, abhängig davon wie oft sie richtig erraten wurden.
 
Antwortstatistiken
Amtszeit Kanzler Geburtsort % Korrekt
1930-1930 Carl Vaugoin Wien
100%
2000-2007 Wolfgang Schüssel Wien
100%
1953-1961 Julius Raab St. Pölten
66%
2007-2008 Alfred Gusenbauer St. Pölten
66%
1930-1931 Otto Ender Altach, Feldkirch
42%
1961-1964 Alfons Gorbach Imst
38%
1964-1970 Josef Klaus Mauthen, Hermagor
36%
1945-1953 Leopold Figl Rust im Tullnerfeld, Tulln
36%
1997-2000 Viktor Klima Schwechat
36%
1920-1921 Michael Mayr Adlwang, Steyr-Land
30%
1921-1922 Johann Schober Perg
30%
1922-1922 Johann Schober Perg
30%
1929-1930 Johann Schober Perg
30%
2016-2017 Christian Kern Simmering, Wien
25%
2019-2019 Hartwig Löger Selzthal, Liezen
23%
1922-1924 Ignaz Seipel Meidling, Wien
21%
1926-1929 Ignaz Seipel Meidling, Wien
21%
1932-1934 Engelbert Dollfuß Texingtal, Melk
21%
2008-2016 Werner Faymann Rudolfsheim-Fünfhaus, Wien
17%
2017-2019 Sebastian Kurz Liesing, Wien
15%
seit 2020 Sebastian Kurz Liesing, Wien
15%
1983-1986 Fred Sinowatz Neufeld an der Leitha, Eisenstadt Umgebung
15%
1931-1932 Karl Buresch Groß-Enzersdorf
11%
2019-2020 Brigitte Bierlein Landstraße, Wien
11%
1970-1983 Bruno Kreisky Margareten, Wien
11%
1986-1997 Franz Vranitzky Hernals, Wien
9%
2016-2016 Reinhold Mitterlehner Helfenberg, Rohrbach
8%
Keine übereinstimmenden Quizze gefunden
Verteilung der Resultate
Anzahl Personen mit jedem Resultat
Perzentil nach korrekt beantworteten Fragen
Ihre Resultats-Entwicklung
Sie haben dieses Quiz noch nicht gespielt